000 01639cam a2200169 4500500
005 20251228092701.0
041 _afre
042 _adc
100 1 0 _aMarin, Séverine Antigone
_eauthor
245 0 0 _aSecteur économique mondialisé ou exception culturelle ?
260 _c2005.
500 _a87
520 _aSecteur économique mondialisé ou exception culturelle ? À la fin du XIXe siècle, deux thèmes sont développés dans les milieux agricoles allemands : le protectionnisme et la défense de la petite propriété, qui semblent prouver l’inadaptation de l’agriculture au nouveau contexte – mondialisé – de l’économie. L’étude de ces thèmes montre cependant qu’ils ne sont pas le produit d’un quelconque archaïsme de l’agriculture, mais bien plutôt le fruit d’une stratégie économique de modernisation et d’adaptation à ces conditions nouvelles.
520 _aSecteur économique mondialisé ou exception culturelle ? At the end of the XIXth century, protectionism and the survival of smallholders were the main concerns of German agriculture. This can be seen as proof of the failure of this sector to adapt to the burgeoning context of economic globalization. This study aims to show however that the choices that were then made were not the result of agricultural archaism, but rather of an economic strategy of modernisation and a willingness to adapt to these new conditions.
786 0 _nRelations internationales | 124 | 4 | 2005-12-01 | p. 3-16 | 0335-2013
856 4 1 _uhttps://shs.cairn.info/revue-relations-internationales-2005-4-page-3?lang=fr&redirect-ssocas=7080
999 _c1603538
_d1603538